00163nam a2200073Ia 4500082000800000245002100008100001900029008004100048 aCOE 0aOntembare rebel  aCoetzee, Ansie210817s9999 xx 000 0 und d